Fee-fi-fo-fum Rhyme Lyrics - Statistics

General Stats
  • This quiz has been taken 18 times
  • The average score is 16 of 26
Answer Stats
Hint Answer % Correct
__ fi
100%
__ fo
100%
__ Fee
94%
__ fum
94%
________ Englishman
89%
_ I
89%
___ smell
89%
__ an
83%
____ blood
78%
__ of
78%
__ the
78%
__ he
50%
__ he
50%
____ alive
44%
__ Be
44%
__ be
44%
____ bones
39%
_____ bread
39%
____ dead
39%
_____ grind
39%
__ his
39%
____ make
39%
__ my
39%
__ or
39%
__ to
39%
_'__ I'll
33%
No matching quizzes found
Score Distribution
Percent of People with Each Score
Percentile by Number Answered
Your Score History
You have not taken this quiz